What's Left? III Quiz Stats

Quiz Updated Mar 29, 2012

Also try: What's Left? II
Challenge
Share
Tweet
Embed
Score 0/30 Timer 04:00
5 Plays Today
Full version - Acronym Acronym % Correct
xford nglish ictionaryOED
93.2%
hief xecutive fficerCEO
93%
est riend oreverBFF
93%
rime cene nvestigationCSI
92.3%
useum f odern rtMoMA
92.2%
rish epublican rmyIRA
92.1%
orld restling ntertainmentWWE
92%
udden nfant eath yndromeSIDS
91%
xtra irgin live ilEVOO
90.9%
others gainst runk rivingMADD
90.1%
elf-ddressed tamped nvelopeSASE
89.9%
oyal anadian ounted oliceRCMP
88.5%
nitial ublic fferingIPO
88%
hat ould esus oWWJD
85.8%
ring our wn ottleBYOB
85.6%
Full version - Acronym Acronym % Correct
uerculosisTB
82.9%
eep t imple tupidKISS
81.7%
orth orth-astNNE
80.9%
ural ree eliveryRFD
80.9%
nited uto orkersUAW
79.2%
ardioulmonary esuscitationCPR
74.2%
way rom eyboardAFK
67.9%
adio requency entificationRFID
62.9%
ndia ale leIPA
61.3%
night ndustries wo housandKITT
49.5%
ual ncome o idsDINK
46.4%
tional cuit mpanyNabisco
30.7%
ins bove eplacementWAR
30.2%
riitroolueneTNT
24.1%
omitet osudarstvennoy ezopasnostiKGB
12.1%

You're not logged in!

Compare scores with friends on all Sporcle quizzes.
Join for Free
OR
Log In

You Might Also Like...

Show Comments

Extras

Top Quizzes Today


Score Distribution

Your Account Isn't Verified!

In order to create a playlist on Sporcle, you need to verify the email address you used during registration. Go to your Sporcle Settings to finish the process.

Report this User

Report this user for behavior that violates our Community Guidelines.

Details: